| 000 | 00924cam a2200289 a 4500 | ||
|---|---|---|---|
| 001 | 3752262 | ||
| 003 | OSt | ||
| 005 | 20160531133645.0 | ||
| 008 | 820520s1982 nyu b 001 0 eng | ||
| 010 | _a 82047530 | ||
| 020 |
_a0060150424 : _c$19.95 |
||
| 040 |
_aDLC _cDLC _dDLC |
||
| 043 | _an-us--- | ||
| 050 | 0 | 0 |
_aHD 70 _b.U5.P424 1982 |
| 082 | 0 | 0 |
_aGLT 658.00973 _bP44 1982 |
| 100 | 1 |
_aPeters, Thomas J. _912953 |
|
| 245 | 1 | 0 |
_aIn search of excellence : _blessons from America's best-run companies / _cby Thomas J. Peters and Robert H. Waterman, Jr. |
| 250 | _a1st ed. | ||
| 260 |
_aNew York : _bHarper & Row, _c1982. |
||
| 300 |
_a360 p. ; _c22 cm. |
||
| 504 | _aIncludes bibliographical references and index. | ||
| 650 | 0 |
_aIndustrial management _zUnited States. _922707 |
|
| 700 | 1 |
_aWaterman, Robert H. _922708 |
|
| 906 |
_a7 _bcbc _corignew _d1 _eocip _f19 _gy-gencatlg |
||
| 942 |
_2lcc _cBK |
||
| 999 |
_c12622 _d12622 |
||